| 000 | 00663nam a2200289Ia 4500 | ||
|---|---|---|---|
| 001 | 8229 | ||
| 008 | 191123s9999 xx 000 0 und d | ||
| 020 | _a9879879393505 | ||
| 041 | _aspa | ||
| 044 | _aag | ||
| 100 | _aHlito, Alfredo, | ||
| 245 | 0 | _aDejen en paz a la Gioconda. | |
| 260 |
_aBuenos Aires : _bInfinito, _c2007. |
||
| 300 | _a245 p. | ||
| 500 | _aDonación de la editorial | ||
| 650 | _aALONSO, RODOLFO | ||
| 650 | _aESCRITOS | ||
| 650 | _aHLITO, ALFREDO | ||
| 902 | _aM | ||
| 903 | _am | ||
| 904 | _am | ||
| 907 | _aimpreso | ||
| 911 | _ailustrado blanco y negro ; 24 cm. | ||
| 912 | _a2007 | ||
| 942 | _cLIBRO | ||
| 999 |
_c5924 _d5924 |
||